000 00479nam a2200133Ia 4500
008 170516s9999 xx 000 0 und d
245 _a3-D Ultrasound Localization Microscopy for Identifying Microvascular Morphology Features of Tumor Angiogenesis at a Resolution Beyond the Diffraction Limit of Conventional Ultrasound
260 _bTheranostics
260 _c2017
300 _a7:1
650 _xMedical Technology
650 _xMedtech
856 _uhttp://www.thno.org/v7i1
999 _c329893
_d329893